Feeding horses /

Bibliographic Details
Main Authors: Bell, George A. (George Arthur), 1879- (Author), Williams, J. O. (John Oscar), 1885- (Author)
Format: Book
Language:English
Published: [Washington, D.C.] : United States Department of Agriculture, 1926.
Edition:Revised April, 1926.
Series:Farmers' bulletin (United States. Department of Agriculture) ; no. 1030.
Subjects:

MARC

Tag First Indicator Second Indicator Subfields
LEADER 00000cam a2200000Ii 4500
001 in00003711721
005 20170926141719.0
008 160812s1926 dcu f000 0 eng d
035 |a (OCoLC)ocn956537652 
035 |a (OCoLC)956537652 
040 |a TXA  |b eng  |e rda  |c TXA  |d UtOrBLW 
049 |a TXAM 
090 |a S21  |b .A6 no.1030 
100 1 |a Bell, George A.  |q (George Arthur),  |d 1879-  |e author.  |0 http://id.loc.gov/authorities/names/no2008019851 
245 1 0 |a Feeding horses /  |c G.A. Bell, formerly Senior Animal Husbandman, and J.O. Williams, Senior Animal Husbandman in Horse and Mule Investigations, Animal Husbandry Division, Bureau of Animal Industry. 
250 |a Revised April, 1926. 
264 1 |a [Washington, D.C.] :  |b United States Department of Agriculture,  |c 1926. 
264 3 |a Washington, D.C. :  |b Government Printing Office 
300 |a 22 pages ;  |c 21 cm. 
336 |a text  |b txt  |2 rdacontent 
337 |a unmediated  |b n  |2 rdamedia 
338 |a volume  |b nc  |2 rdacarrier 
490 1 |a Farmers' bulletin / U.S. Department of Agriculture ;  |v no. 1030 
500 |a Cover title. 
500 |a "Issued December 1916; revised April, 1926." 
650 0 |a Horses  |x Feeding and feeds.  |0 http://id.loc.gov/authorities/subjects/sh85062164 
700 1 |a Williams, J. O.  |q (John Oscar),  |d 1885-  |e author.  |0 http://id.loc.gov/authorities/names/no2012116355 
710 1 |a United States.  |b Department of Agriculture,  |e issuing body.  |0 http://id.loc.gov/authorities/names/n79008243 
830 0 |a Farmers' bulletin (United States. Department of Agriculture) ;  |v no. 1030.  |0 http://id.loc.gov/authorities/names/n84735662 
994 |a C0  |b TXA 
948 |a cataloged  |b h  |c 2016/8/12  |d o  |e nbehmer  |f 10:50:11 am 
999 f f |s 91a6ce85-087a-3d34-9e07-47aaa0bcac38  |i 41cbe1df-2a42-3983-b045-a32bb9fea672  |t 0 
952 f f |p noncirc  |a Texas A&M University  |b College Station  |c Cushing Memorial Library & Archives  |d Cushing: Dykes (Does not check out)  |t 0  |e S21 .A6 no.1030  |h Library of Congress classification  |i unmediated -- volume 
998 f f |a S21 .A6 no.1030  |t 0  |l Cushing: Dykes (Does not check out)